Harry Potter: la Colonie des Géants - Statistiques

Statistiques générales
  • Ce quiz a été pris 49 fois
  • Le résultat moyen est 4 sur 8
Statistiques - réponses
Information Réponses % Correct
Dernière apparition Harry Potter et les Reliques de la Mort
98%
Première apparition Harry Potter et l'Ordre du Phénix
98%
Membre Graup
85%
Alliés pendant la bataille de Poudlard Mangemorts
53%
Membre Fridluva
25%
Localisation Europe
20%
2e Gurg (chef) Golgomath
20%
Gurg (chef) Karkus
20%
Aucun quiz correspondant
Distribution des résultats
% des personnes avec chaque résultat
Percentile par nombre de réponses
Votre historique - résultats
Vous n’avez pas pris ce quiz